[Event "4NCL/Div1/MMNWE1 vs. 3CS1"]
[Site "West Bromwich ENG"]
[Date "2004.05.22"]
[Round "10.8"]
[White "Kosteniuk, Oxana"]
[Black "Tebb, David J"]
[Result "0-1"]
[WhiteElo "2113"]
[BlackElo "2240"]
[PlyCount "100"]
[EventDate "2004.05.22"]

1. e4 c5 2. Nf3 d6 3. d4 cxd4 4. Nxd4 Nf6 5. Nc3 a6 6. Be2 e6 7. Be3 Be7 8. O-O
O-O 9. Kh1 Nc6 10. f4 Bd7 11. Qe1 Nxd4 12. Bxd4 Bc6 13. Bf3 Qc7 14. Rd1 b5 15.
a3 a5 16. Qg3 b4 17. e5 dxe5 18. Bxe5 Qb7 19. Ne2 Bxf3 20. Rxf3 Rad8 21. Rfd3
Rxd3 22. Qxd3 Ne4 23. Qf3 Bc5 24. Bd4 Rd8 25. axb4 axb4 26. Rd3 Bxd4 27. Rxd4
Rxd4 28. Nxd4 Qa7 29. Nb3 Nf2+ 30. Kg1 Ng4+ 31. Kh1 Qa2 32. Nd2 Qa1+ 33. Nf1
Ne3 34. Kg1 Nxf1 35. Qxf1 Qxb2 36. Qc4 Qc1+ 37. Kf2 Qd2+ 38. Kf1 g6 39. Qc8+
Kg7 40. Qc4 h6 41. h3 g5 42. fxg5 hxg5 43. Kg1 e5 44. Qc8 Qc1+ 45. Kh2 Qf4+ 46.
Kh1 e4 47. Qc4 e3 48. Qd3 Qe5 49. Qe2 Qd4 50. Qh5 Qa1+ 0-1

[Event "4NCL/Div1/AD1 vs. RIC"]
[Site "West Bromwich ENG"]
[Date "2004.05.22"]
[Round "10.1"]
[White "Rogers, Ian"]
[Black "Webb, Laurence E"]
[Result "1-0"]
[WhiteElo "2582"]
[BlackElo "2337"]
[PlyCount "105"]
[EventDate "2004.05.22"]

1. e4 e5 2. Nf3 Nc6 3. Bb5 a6 4. Bxc6 dxc6 5. O-O Be6 6. d4 exd4 7. Nxd4 Bc4 8.
Re1 c5 9. Nb3 Qxd1 10. Rxd1 Bxb3 11. axb3 Bd6 12. Nc3 Ne7 13. Be3 Nc6 14. Na4
Nd4 15. Bxd4 cxd4 16. e5 Be7 17. Rxd4 Rd8 18. Rad1 Rxd4 19. Rxd4 f6 20. exf6
Bxf6 21. Rd3 b6 22. Kf1 Ke7 23. Nc3 c6 24. Na4 Rb8 25. b4 Be5 26. b3 Bd6 27. c3
b5 28. Nb2 c5 29. bxc5 Bxc5 30. Ke2 Rf8 31. f3 Rc8 32. Kd2 Bg1 33. h3 Ke6 34.
c4 Bc5 35. Kc3 Ba3 36. Re3+ Kd6 37. Nd3 a5 38. Re5 Bb4+ 39. Kd4 bxc4 40. bxc4
Ra8 41. c5+ Kd7 42. Re2 Kc6 43. Kc4 Rb8 44. Re6+ Kd7 45. Ra6 Ke7 46. Ne5 Rb7
47. Nc6+ Ke8 48. Ra8+ Kd7 49. Nxa5 Bxa5 50. Rxa5 Ke6 51. Ra2 Rb1 52. Rd2 h5 53.
c6 1-0

[Event "4NCL/Div1/AD1 vs. RIC"]
[Site "West Bromwich ENG"]
[Date "2004.05.22"]
[Round "10.2"]
[White "Wall, Gavin"]
[Black "Chandler, Murray G"]
[Result "0-1"]
[WhiteElo "2413"]
[BlackElo "2520"]
[PlyCount "168"]
[EventDate "2004.05.22"]

1. e4 c5 2. Nf3 Nc6 3. Bb5 g6 4. O-O Bg7 5. Nc3 d6 6. Bxc6+ bxc6 7. d3 e5 8.
Ne1 Nh6 9. f4 exf4 10. Bxf4 f6 11. Nf3 Nf7 12. Qd2 O-O 13. Rf2 Qa5 14. Nd1 Qb6
15. Rb1 f5 16. exf5 Bxf5 17. Ne3 Be6 18. b3 d5 19. c4 a5 20. a4 Ra7 21. h3 Rb7
22. g4 Qd8 23. Qc2 Qf6 24. Ng2 Qc3 25. Qxc3 Bxc3 26. Bd2 Ne5 27. Bxc3 Nxf3+ 28.
Kh1 dxc4 29. dxc4 Bxc4 30. Ne3 Rxb3 31. Rxb3 Bxb3 32. Bxa5 Ng5 33. Rxf8+ Kxf8
34. Bb6 Bxa4 35. Bxc5+ Kf7 36. Kg2 Ke6 37. Bd4 Bb3 38. h4 Bd5+ 39. Kg3 Ne4+ 40.
Kf4 c5 41. Bg7 Bc6 42. Nd1 Nd6 43. h5 gxh5 44. gxh5 Be8 45. h6 Bg6 46. Ne3 Bd3
47. Bf8 Nb7 48. Nd1 Bc2 49. Nc3 Bg6 50. Ke3 Kf7 51. Bg7 Nd8 52. Nd5 Nb7 53. Kf4
Nd6 54. Ne3 Ke6 55. Bf8 Nb7 56. Bg7 Bd3 57. Nd1 Nd8 58. Ne3 Nc6 59. Bf8 c4 60.
Bg7 Nb4 61. Bd4 Na2 62. Nd1 Nc1 63. Nc3 Nb3 64. Bg7 Nc5 65. Bd4 Nb7 66. Nb5 Kd5
67. Ke3 Nd8 68. Nc3+ Ke6 69. Kf4 Kf7 70. Bb6 Nc6 71. Kg5 Ke6 72. Bc5 Ke5 73.
Nb5 Bg6 74. Bf8 Ke4 75. Bg7 Kd3 76. Kf4 Nd8 77. Kf3 Ne6 78. Bf6 Be8 79. Nc3
Nd4+ 80. Kf2 Nf5 81. Ke1 Nxh6 82. Kd1 Ng4 83. Bg7 Ne3+ 84. Kc1 h5 0-1

[Event "4NCL/Div1/AD1 vs. RIC"]
[Site "West Bromwich ENG"]
[Date "2004.05.22"]
[Round "10.3"]
[White "Hennigan, Michael T"]
[Black "Van de Griendt, Jan W"]
[Result "1-0"]
[WhiteElo "2444"]
[BlackElo "2373"]
[PlyCount "79"]
[EventDate "2004.05.22"]

1. g3 Nf6 2. Bg2 g6 3. e4 d6 4. d4 Bg7 5. Nc3 Nc6 6. Nge2 e5 7. dxe5 dxe5 8.
Qxd8+ Nxd8 9. f4 c6 10. O-O exf4 11. gxf4 O-O 12. a4 Ne6 13. Kh1 Nd7 14. Be3 f5
15. exf5 gxf5 16. Rad1 Nf6 17. Ng3 Nc7 18. Bc5 Re8 19. Bd6 Ncd5 20. Nxd5 Nxd5
21. Bxd5+ cxd5 22. c3 Bd7 23. a5 Rad8 24. Bc5 b6 25. axb6 axb6 26. Bd4 Ba4 27.
Rd2 Bxd4 28. Rxd4 Bc2 29. Kg1 Kf7 30. Kf2 Rd6 31. Ra1 Re7 32. Rd2 Be4 33. Nxe4
Rxe4 34. Kf3 d4 35. Rad1 Rh6 36. Rxd4 Rxd4 37. Rxd4 Rxh2 38. Rb4 Rh6 39. Rb5
Rf6 40. c4 1-0

[Event "4NCL/Div1/AD1 vs. RIC"]
[Site "West Bromwich ENG"]
[Date "2004.05.22"]
[Round "10.4"]
[White "Cech, Pavel"]
[Black "Richardson, John R"]
[Result "0-1"]
[WhiteElo "2395"]
[BlackElo "2293"]
[PlyCount "46"]
[EventDate "2004.05.22"]

1. d4 Nf6 2. c4 e6 3. Nc3 Bb4 4. Qc2 c5 5. dxc5 Na6 6. a3 Bxc3+ 7. Qxc3 Nxc5 8.
f3 d6 9. e4 O-O 10. Ne2 Bd7 11. Be3 Rc8 12. b4 Na4 13. Qd4 d5 14. cxd5 exd5 15.
e5 Ne8 16. Nf4 Nc7 17. Bd3 Nb5 18. Bxb5 Bxb5 19. Qxd5 Qxd5 20. Nxd5 Rc2 21. Kd1
Re2 22. Bd4 Rd8 23. Rc1 Nb2+ 0-1

[Event "4NCL/Div1/AD1 vs. RIC"]
[Site "West Bromwich ENG"]
[Date "2004.05.22"]
[Round "10.5"]
[White "Lyell, Mark"]
[Black "Quinn, Mark"]
[Result "0-1"]
[WhiteElo "2254"]
[BlackElo "2400"]
[PlyCount "82"]
[EventDate "2004.05.22"]

1. e4 c5 2. b3 Nc6 3. Bb2 e6 4. Nf3 a6 5. g3 d6 6. Bg2 Bd7 7. O-O Qc7 8. a4
Nge7 9. Na3 Rb8 10. Nc4 b5 11. axb5 axb5 12. Ne3 h5 13. d4 cxd4 14. Nxd4 h4 15.
Qe2 Nxd4 16. Bxd4 hxg3 17. fxg3 Nc6 18. Nd5 Qb7 19. Bb2 Ne5 20. Qf2 exd5 21.
Ra7 Qc8 22. Bxe5 dxe5 23. Qxf7+ Kd8 24. Kh1 Ra8 25. Rxa8 Qxa8 26. exd5 Qa6 27.
h4 b4 28. Kh2 Bg4 29. d6 Qxd6 30. Ra1 Bc8 31. Ra5 Qc7 32. Rd5+ Bd6 33. Rxd6+
Qxd6 34. Qxg7 Rf8 35. Qg5+ Kc7 36. Qe3 Bb7 37. Qa7 Qb6 38. Qxb6+ Kxb6 39. Bxb7
Kxb7 40. h5 e4 41. h6 e3 0-1

[Event "4NCL/Div1/AD1 vs. RIC"]
[Site "West Bromwich ENG"]
[Date "2004.05.22"]
[Round "10.6"]
[White "Bates, Richard A"]
[Black "Snape, Ian"]
[Result "1-0"]
[WhiteElo "2376"]
[BlackElo "2245"]
[PlyCount "72"]
[EventDate "2004.05.22"]

1. d4 Nf6 2. Nf3 g6 3. c4 Bg7 4. g3 O-O 5. Bg2 d6 6. O-O c6 7. Nc3 Qa5 8. e4
Bg4 9. h3 Bxf3 10. Bxf3 Nfd7 11. Rb1 c5 12. d5 Bxc3 13. bxc3 Qxa2 14. Rxb7 Re8
15. Rb3 Nb6 16. Be2 Qa4 17. f4 N8d7 18. Bd3 Nxc4 {(=)} 19. Bc2 Qa5 20. Qe2 Qa2
21. e5 dxe5 22. f5 Nd6 23. fxg6 hxg6 24. c4 Rab8 25. Rc3 e4 26. Bf4 Rb2 27. h4
Nb6 28. h5 Nbxc4 29. hxg6 fxg6 30. Qg4 Kg7 31. Rxc4 Nxc4 32. Bxe4 Rg2+ 33. Bxg2
Qb2 34. Bc1 Qd4+ 35. Qxd4+ cxd4 36. Rd1 Nd6 1-0

[Event "4NCL/Div1/AD1 vs. RIC"]
[Site "West Bromwich ENG"]
[Date "2004.05.22"]
[Round "10.7"]
[White "Wheeler, Darren P"]
[Black "Franklin, Michael J"]
[Result "1/2-1/2"]
[WhiteElo "2243"]
[BlackElo "2224"]
[PlyCount "61"]
[EventDate "2004.05.22"]

1. e4 c5 2. f4 d5 3. exd5 Qxd5 4. Nc3 Qd8 5. Nf3 Nc6 6. Bb5 Bd7 7. O-O Nf6 8.
Bxc6 Bxc6 9. Ne5 Rc8 10. Qe2 g6 11. Nb5 Ra8 12. Nxc6 bxc6 13. Na3 Bg7 14. d3
O-O 15. Nc4 Nd5 16. c3 e6 17. a4 Nb6 18. Be3 Qd5 19. a5 Nd7 20. Rad1 Rfd8 21.
Qf2 Rab8 22. Rd2 f5 23. Ra1 Rf8 24. g3 Rf7 25. Ra4 Bf8 26. Qg2 a6 27. Ra1 Rb7
28. Bf2 h6 29. Ne3 Qd6 30. Nc4 Qd5 31. Ne3 1/2-1/2

[Event "4NCL/Div1/3CS1 vs. BET"]
[Site "West Bromwich ENG"]
[Date "2004.05.23"]
[Round "11.1"]
[White "Davies, Nigel R"]
[Black "Williams, Simon K"]
[Result "1-0"]
[WhiteElo "2512"]
[BlackElo "2411"]
[PlyCount "59"]
[EventDate "2004.05.23"]

1. d4 e6 2. Nf3 f5 3. d5 exd5 4. Qxd5 d6 5. g3 Nf6 6. Qd3 Na6 7. Bg2 Nc5 8.
Qe3+ Be7 9. O-O O-O 10. c4 Nh5 11. Nc3 f4 12. Qd2 Qe8 13. b4 Ne6 14. Bb2 Bd8
15. Rad1 Kh8 16. e3 fxg3 17. fxg3 Ng5 18. Nxg5 Rxf1+ 19. Rxf1 Bxg5 20. Ne4 Bh6
21. Qe2 Bh3 22. g4 Bxg2 23. Qxg2 Bxe3+ 24. Kh1 d5 25. cxd5 Nf4 26. Qf3 Nxd5 27.
Ng3 Qd8 28. Nf5 Bg5 29. Nxg7 Bf6 30. Ne6 1-0

[Event "4NCL/Div1/3CS1 vs. BET"]
[Site "West Bromwich ENG"]
[Date "2004.05.23"]
[Round "11.2"]
[White "Hunt, Adam C"]
[Black "Arkell, Keith C"]
[Result "1/2-1/2"]
[WhiteElo "2411"]
[BlackElo "2507"]
[PlyCount "45"]
[EventDate "2004.05.23"]

1. e4 c6 2. d4 d5 3. exd5 cxd5 4. c4 Nf6 5. Nc3 g6 6. Qb3 Bg7 7. cxd5 O-O 8.
Bg5 Nbd7 9. Be2 Nb6 10. Bf3 Bg4 11. Bxf6 Bxf3 12. Nxf3 exf6 13. O-O Qd7 14.
Rfe1 Rfd8 15. Rac1 Rab8 16. Kf1 Bf8 17. Re2 Nxd5 18. Nxd5 Qxd5 19. Qxd5 Rxd5
20. Rc7 Rdd8 21. Ke1 Bd6 22. Rc4 Rd7 23. Kd2 1/2-1/2

[Event "4NCL/Div1/3CS1 vs. BET"]
[Site "West Bromwich ENG"]
[Date "2004.05.23"]
[Round "11.3"]
[White "Juanoobi, Ali"]
[Black "Ledger, Andrew J"]
[Result "1/2-1/2"]
[WhiteElo "2264"]
[BlackElo "2443"]
[PlyCount "33"]
[EventDate "2004.05.23"]

1. d4 Nf6 2. Nf3 g6 3. Bg5 Bg7 4. Nbd2 O-O 5. e4 d5 6. Bd3 dxe4 7. Nxe4 Nxe4 8.
Bxe4 c5 9. c3 cxd4 10. Nxd4 Qc7 11. Qb3 Nd7 12. Nb5 Qa5 13. Be3 a6 14. Na7 Nc5
15. Bxc5 Qxc5 16. Nxc8 Raxc8 17. O-O 1/2-1/2

[Event "4NCL/Div1/3CS1 vs. BET"]
[Site "West Bromwich ENG"]
[Date "2004.05.23"]
[Round "11.5"]
[White "Bentley, John L"]
[Black "Ansell, Simon"]
[Result "0-1"]
[WhiteElo "2218"]
[BlackElo "2371"]
[PlyCount "72"]
[EventDate "2004.05.23"]

1. d4 d5 2. c4 c6 3. Nf3 Nf6 4. Nc3 dxc4 5. a4 Bf5 6. Nh4 e6 7. Nxf5 exf5 8. e3
Bb4 9. Bxc4 O-O 10. O-O Nbd7 11. Qb3 Qb6 12. Na2 Bd6 13. Qc2 g6 14. b4 Qc7 15.
g3 Nb6 16. Be2 Nbd5 17. Bd2 h5 18. Bf3 Qe7 19. b5 Rac8 20. Qb3 Ne4 21. Bxe4
fxe4 22. bxc6 bxc6 23. Nc3 Qe6 24. Nxd5 cxd5 25. Rfc1 h4 26. Rxc8 Rxc8 27. Rc1
Rxc1+ 28. Bxc1 h3 29. Ba3 Qc8 30. Bc5 Bxc5 31. Qc2 Qg4 32. dxc5 Qf3 33. Kf1 d4
34. exd4 e3 35. Ke1 Qh1+ 36. Ke2 exf2 0-1

[Event "4NCL/Div1/3CS1 vs. BET"]
[Site "West Bromwich ENG"]
[Date "2004.05.23"]
[Round "11.6"]
[White "Ledger, David J"]
[Black "Ashton, Adam G"]
[Result "1/2-1/2"]
[WhiteElo "2289"]
[BlackElo "2249"]
[PlyCount "93"]
[EventDate "2004.05.23"]

1. e4 e5 2. Bc4 Nf6 3. d3 Nc6 4. Nf3 h6 5. c3 d6 6. Bb3 g6 7. O-O Bg7 8. Nbd2
O-O 9. Re1 Kh8 10. Nf1 Nh7 11. h3 Bd7 12. d4 Qe7 13. Ne3 Rae8 14. Nd5 Qd8 15.
dxe5 Nxe5 16. Nxe5 dxe5 17. Be3 c6 18. Nb4 b6 19. Qd2 a5 20. Rad1 Nf6 21. Nc2
Kh7 22. f3 Qb8 23. a4 Be6 {(=)} 24. Bxe6 Rxe6 25. Qf2 b5 26. Bc5 Rfe8 27. axb5
cxb5 28. Rd3 Bf8 29. Red1 Bxc5 30. Qxc5 Rc8 31. Qf2 b4 32. cxb4 axb4 33. Qd2
Rb6 34. Ne3 b3 35. Kh2 Rbc6 36. Rd6 Nh5 37. Rxc6 Rxc6 38. Qd7 Rc7 39. Qd6 Rb7
40. Qxb8 Rxb8 41. Rd7 Kg7 42. Ng4 Nf6 43. Nxf6 Kxf6 44. Rd3 h5 45. h4 Ke6 46.
Rc3 Rb4 47. Kg3 1/2-1/2

[Event "4NCL/Div1/3CS1 vs. BET"]
[Site "West Bromwich ENG"]
[Date "2004.05.23"]
[Round "11.7"]
[White "Walton, Alan J"]
[Black "Ledger, Stephen C"]
[Result "1-0"]
[WhiteElo "2126"]
[BlackElo "2211"]
[PlyCount "111"]
[EventDate "2004.05.23"]

1. d4 Nf6 2. Bg5 c5 3. d5 Qb6 4. Nc3 Qxb2 5. Bd2 Qb6 6. e4 d6 7. f4 g6 8. Rb1
Qd8 9. Nf3 Bg7 10. Bb5+ Nfd7 11. Bd3 O-O 12. O-O b6 13. Qe2 Nf6 14. Nd1 e6 15.
c4 exd5 16. cxd5 Re8 17. Bc3 Bb7 18. Qc2 Ba6 19. Nf2 Qc8 20. Rfe1 Nbd7 21. Nd2
Bxd3 {(=)} 22. Qxd3 Nh5 23. Bxg7 Kxg7 24. Nc4 Qc7 25. Qc3+ f6 26. Nh3 Kf7 27.
Qf3 Kg8 28. Nf2 Rab8 29. Ng4 b5 30. Nce3 c4 31. Nh6+ Kf8 32. Nef5 Ng7 33. Nd4
Qc5 34. Rbd1 b4 35. Qh3 Rb7 36. Kh1 c3 37. Qd3 a5 38. Nb3 Qc7 39. Nd4 Nc5 40.
Qc2 Qe7 41. Nc6 Qc7 42. e5 f5 43. Qf2 Nh5 44. Qf3 Ne4 45. g4 Qg7 46. Nxf5 gxf5
47. gxh5 Qh6 48. Nd4 Nd2 49. Qe3 dxe5 50. Nxf5 Qxh5 51. Nd6 Rbe7 52. Nxe8 Kxe8
53. d6 Re6 54. Rg1 Qf3+ 55. Qxf3 Nxf3 56. d7+ 1-0

[Event "4NCL/Div1/3CS1 vs. BET"]
[Site "West Bromwich ENG"]
[Date "2004.05.23"]
[Round "11.8"]
[White "Tidman, Sophie"]
[Black "Kosteniuk, Oxana"]
[Result "1/2-1/2"]
[WhiteElo "2118"]
[BlackElo "2113"]
[PlyCount "87"]
[EventDate "2004.05.23"]

1. e4 c5 2. Nf3 d6 3. d4 cxd4 4. Nxd4 Nf6 5. Nc3 g6 6. Be3 Bg7 7. f3 O-O 8. Qd2
Nc6 9. Bc4 Nd7 10. O-O-O Nb6 11. Bb3 Na5 12. Bh6 Nxb3+ 13. axb3 a5 14. h4 Bxh6
15. Qxh6 f6 16. f4 Qe8 17. h5 gxh5 18. f5 Rf7 19. Rxh5 Rg7 20. Rdh1 Qf7 21. Qe3
Ra6 22. Ncb5 Na8 23. Qc3 Bd7 24. Nc7 Nxc7 25. Qxc7 Qe8 26. Qxb7 Ra8 27. Qd5+
Kh8 28. Nf3 Bc6 29. Qd4 a4 30. Ng5 axb3 31. Rxh7+ Rxh7 32. Rxh7+ Kg8 33. Rh3
Ra1+ 34. Kd2 bxc2 35. Kxc2 Ba4+ 36. b3 Qc6+ 37. Rc3 Bxb3+ 38. Kb2 Qa8 39. Rxb3
Qa2+ 40. Kc3 Rc1+ 41. Kb4 Rc5 42. Ra3 Qb1+ 43. Rb3 Qa2 44. Ra3 1/2-1/2

[Event "4NCL/Div1/BAR1 vs. MMNWE1"]
[Site "West Bromwich ENG"]
[Date "2004.05.23"]
[Round "11.1"]
[White "Parker, Jonathan"]
[Black "Hanley, Craig A"]
[Result "1/2-1/2"]
[WhiteElo "2541"]
[BlackElo "2330"]
[PlyCount "90"]
[EventDate "2004.05.23"]

1. d4 Nf6 2. c4 g6 3. Nc3 Bg7 4. e4 d6 5. f4 O-O 6. Nf3 Bg4 7. Be3 Nbd7 8. h3
Bxf3 9. Qxf3 c5 10. d5 a6 11. Bd3 Ne8 12. O-O Nc7 13. a4 e6 14. Kh1 exd5 15.
exd5 Re8 16. Bd2 f5 17. a5 Bd4 18. Bc2 Qh4 19. Kh2 Re7 20. g3 Qh6 21. Rae1 Rae8
22. Rxe7 Rxe7 23. Bc1 Qg7 24. Nd1 Ne8 25. b3 h5 26. Kg2 Nef6 27. Bd3 Ne4 28.
Re1 Ndf6 29. Re2 Qf8 30. Qf1 h4 31. gxh4 Rh7 32. Qe1 Qh6 33. Kh2 Qxh4 34. Qxh4
Rxh4 35. Kg2 Kf7 36. Re1 Nc3 37. Bd2 Nfe4 38. Bxc3 Nxc3 39. Nxc3 Bxc3 40. Re6
Rxf4 41. Rxd6 Bd4 42. Rd7+ Kf6 43. Rxb7 Rf2+ 44. Kg3 Rd2 45. Bf1 Rf2 1/2-1/2

[Event "4NCL/Div1/BAR1 vs. MMNWE1"]
[Site "West Bromwich ENG"]
[Date "2004.05.23"]
[Round "11.2"]
[White "Crouch, Colin S"]
[Black "Kelly, Brian"]
[Result "1/2-1/2"]
[WhiteElo "2375"]
[BlackElo "2499"]
[PlyCount "64"]
[EventDate "2004.05.23"]

1. d4 d5 2. c4 c6 3. Nf3 Nf6 4. Nc3 a6 5. e3 b5 6. b3 Bg4 7. Be2 e6 8. O-O Nbd7
9. a4 b4 10. Na2 a5 11. Bb2 Bd6 12. Ne5 Bxe2 13. Qxe2 Qc7 14. cxd5 cxd5 15.
Rac1 Qb8 16. Rc2 O-O 17. f4 Rc8 18. Rfc1 Rxc2 19. Rxc2 Qb7 20. Nc1 h6 21. Ncd3
Rc8 22. Nf2 Rxc2 23. Qxc2 Qc7 24. Qxc7 Bxc7 25. Nxd7 Nxd7 26. Kf1 {(=)} 26...
g5 27. g3 Kg7 28. Ke2 gxf4 29. exf4 Bb6 30. Nd3 Nf6 31. Ne5 h5 32. h3 Ne4
1/2-1/2

[Event "4NCL/Div1/BAR1 vs. MMNWE1"]
[Site "West Bromwich ENG"]
[Date "2004.05.23"]
[Round "11.3"]
[White "Webster, Andrew"]
[Black "Quillan, Gary"]
[Result "0-1"]
[WhiteElo "2417"]
[BlackElo "2308"]
[PlyCount "68"]
[EventDate "2004.05.23"]

1. c4 e5 2. g3 Nf6 3. Bg2 Nc6 4. Nc3 Bb4 5. Nd5 O-O 6. a3 Bd6 7. d3 Nxd5 8.
cxd5 Ne7 9. Nh3 c6 10. dxc6 dxc6 11. O-O Nf5 12. Bd2 h6 13. Bc3 Be6 14. e4 Nd4
15. Bxd4 exd4 16. f4 f5 17. exf5 Bxf5 18. Nf2 Qd7 19. Qa4 Be7 20. Rae1 Kh8 21.
Bh3 Bxh3 22. Nxh3 b5 23. Qc2 c5 24. f5 Bd6 25. g4 Rac8 26. a4 c4 27. axb5 Qxb5
28. Re6 cxd3 29. Qd1 Rc2 30. Rxd6 Qe5 31. Nf4 Qxd6 32. Qxd3 Rfc8 33. f6 Kg8 34.
Nh5 Qxh2# 0-1

[Event "4NCL/Div1/BAR1 vs. MMNWE1"]
[Site "West Bromwich ENG"]
[Date "2004.05.23"]
[Round "11.4"]
[White "Kennaugh, Charles W"]
[Black "Knott, Simon"]
[Result "1/2-1/2"]
[WhiteElo "2290"]
[BlackElo "2361"]
[PlyCount "49"]
[EventDate "2004.05.23"]

1. e4 e6 2. d4 d5 3. Nc3 Bb4 4. e5 c5 5. Bd2 Ne7 6. dxc5 Nbc6 7. Qg4 O-O 8.
O-O-O f5 9. exf6 Rxf6 10. Bd3 e5 11. Qh4 Bf5 12. Bg5 Bxc3 13. Bxf6 gxf6 14.
Bxf5 Bxb2+ 15. Kxb2 Nxf5 16. Qg4+ Ng7 17. Ne2 d4 18. Ng3 Qa5 19. Nh5 Qc3+ 20.
Kb1 Qb4+ 21. Kc1 Qa3+ 22. Kd2 Qc3+ 23. Kc1 Qa1+ 24. Kd2 Qc3+ 25. Kc1 1/2-1/2

[Event "4NCL/Div1/BAR1 vs. MMNWE1"]
[Site "West Bromwich ENG"]
[Date "2004.05.23"]
[Round "11.5"]
[White "Woodward, Timothy D M"]
[Black "Littlewood, John E"]
[Result "1/2-1/2"]
[WhiteElo "2343"]
[BlackElo "2307"]
[PlyCount "86"]
[EventDate "2004.05.23"]

1. d4 d5 2. c4 Nc6 3. cxd5 Qxd5 4. e3 e5 5. Nc3 Bb4 6. Bd2 Bxc3 7. Bxc3 exd4 8.
Ne2 Bg4 9. f3 O-O-O 10. Nxd4 Nf6 11. Be2 Rhe8 12. Qd2 Kb8 13. Rd1 Bd7 14. O-O
Nxd4 {(=)} 15. Bxd4 Ba4 16. b3 c5 17. Bc4 Qh5 18. bxa4 cxd4 19. exd4 Re7 20.
Rfe1 Red7 21. Qf4+ Ka8 22. Bb3 Qa5 23. Qe5 Qb6 24. a5 Qb4 25. Re2 a6 26. Rc2
Re8 27. Qc5 Re1+ 28. Kf2 Qxc5 29. Rxc5 Rxd1 30. Bxd1 Rxd4 31. Bb3 Rd2+ 32. Kf1
Rd7 33. Rc8+ Ka7 34. Rf8 Nd5 35. Bxd5 Rxd5 36. Rxf7 Rxa5 37. Rxg7 Rxa2 38. Rxh7
a5 39. f4 a4 40. f5 Ra1+ 41. Kf2 Ra2+ 42. Kf1 Ra1+ 43. Kf2 Ra2+ 1/2-1/2

[Event "4NCL/Div1/BAR1 vs. MMNWE1"]
[Site "West Bromwich ENG"]
[Date "2004.05.23"]
[Round "11.6"]
[White "Tebb, David J"]
[Black "Shikerov, Stefan"]
[Result "1-0"]
[WhiteElo "2240"]
[BlackElo "2328"]
[PlyCount "81"]
[EventDate "2004.05.23"]

1. e4 c5 2. Nf3 Nc6 3. d4 cxd4 4. Nxd4 Nf6 5. Nc3 e5 6. Ndb5 d6 7. Bg5 a6 8.
Na3 b5 9. Bxf6 gxf6 10. Nd5 f5 11. Bd3 Be6 12. O-O Bxd5 13. exd5 Ne7 14. c3 e4
15. Bc2 Bg7 16. Qh5 O-O 17. Rae1 Qd7 18. f3 Ng6 19. fxe4 f4 20. Bd1 Be5 21. Bg4
Qe7 22. Bf5 Kg7 23. Nc2 h6 24. Nb4 Qg5 25. Qxg5 hxg5 26. Nc6 Kf6 27. Bxg6 fxg6
28. h3 g4 29. hxg4 Rh8 30. Kf2 Kg5 31. Kf3 Rh4 32. Rh1 Rxg4 33. Rh3 a5 34. Reh1
b4 35. Nxe5 dxe5 36. c4 b3 37. a3 Rc8 38. Rc1 Rh4 39. Rxh4 Kxh4 40. c5 Kg5 41.
d6 1-0

[Event "4NCL/Div1/BAR1 vs. MMNWE1"]
[Site "West Bromwich ENG"]
[Date "2004.05.23"]
[Round "11.7"]
[White "Dishman, Stephen"]
[Black "Richards, Heather"]
[Result "1-0"]
[WhiteElo "2317"]
[BlackElo "2211"]
[PlyCount "129"]
[EventDate "2004.05.23"]

1. d4 e6 2. Nf3 Nf6 3. Bg5 Be7 4. Nbd2 c5 5. e3 b6 6. Bd3 Bb7 7. O-O O-O 8. Re1
h6 9. Bh4 cxd4 10. exd4 Ba6 11. Bxa6 Nxa6 12. Ne5 Rc8 13. c3 d6 14. Nd3 Nb8 15.
f4 g6 16. Qf3 Nc6 17. Re2 Nd5 18. Bxe7 Ndxe7 19. g4 b5 20. Rf1 b4 21. Qh3 Kg7
22. f5 exf5 23. gxf5 Nxf5 24. Rxf5 gxf5 25. Rg2+ Kf6 26. Qh4+ Ke6 27. d5+ Kd7
28. dxc6+ Rxc6 29. Qxd8+ Rxd8 30. Nxb4 Rc5 31. Nf3 a5 32. Nd3 Rd5 33. Nd4 a4
34. a3 Rh8 35. Kf2 Ke7 36. Kf3 h5 37. h4 Kf6 38. Rg5 Rb8 39. Nb4 Rc5 40. Na6
Rxb2 41. Nxc5 dxc5 42. Rxf5+ Kg6 43. Rxc5 f6 44. Ra5 Rh2 45. Kg3 Rd2 46. Rxa4
Rd3+ 47. Nf3 Rxc3 48. Ra8 Kf5 49. a4 Ra3 50. Ra6 Rb3 51. Rd6 Ra3 52. Rd5+ Ke4
53. Rd4+ Ke3 54. Rf4 Ke2 55. Rxf6 Rxa4 56. Re6+ Kd3 57. Re5 Rg4+ 58. Kf2 Rg8
59. Rxh5 Ke4 60. Rg5 Rf8 61. Rg4+ Kf5 62. Kg3 Rh8 63. Rf4+ Kg6 64. Ne5+ Kg7 65.
Kg4 1-0

[Event "4NCL/Div1/BAR1 vs. MMNWE1"]
[Site "West Bromwich ENG"]
[Date "2004.05.23"]
[Round "11.8"]
[White "Hulmes, David I"]
[Black "Bhatia, Kanwal K"]
[Result "1/2-1/2"]
[WhiteElo "2170"]
[BlackElo "2065"]
[PlyCount "109"]
[EventDate "2004.05.23"]

1. e4 e5 2. Nf3 Nc6 3. Bb5 a6 4. Ba4 Nf6 5. O-O b5 6. Bb3 Bc5 7. c3 d6 8. a4
Rb8 9. d3 O-O 10. axb5 axb5 11. Bg5 h6 12. Bh4 g5 13. Bg3 Bg4 14. h3 Bh5 15.
Nbd2 Bg6 16. Re1 Nh5 17. Nf1 Qf6 18. Ne3 Qg7 19. Nh2 Kh8 20. Nhf1 Nf4 21. Qd2
b4 22. Bd1 Ne7 23. Bf3 f5 24. exf5 Nxf5 25. Nxf5 Bxf5 26. Be4 Be6 27. c4 Bf5
28. Bxf5 Rxf5 29. Ne3 Rf6 30. Ra4 Qg6 31. Rd1 Rbf8 32. Kh2 h5 33. f3 R6f7 34.
Nd5 g4 35. Bxf4 exf4 36. d4 Bb6 37. Nxb6 cxb6 38. Rda1 gxh3 39. Qf2 hxg2 40.
Qxg2 Qf6 41. Ra8 Qxd4 42. Rxf8+ Rxf8 43. Rg1 Qf6 44. Qg5 Qxg5 45. Rxg5 Rc8 46.
Rxh5+ Kg7 47. b3 Rc5 48. Rh4 Rf5 49. Kh3 Kf6 50. Kg4 Ke5 51. Rh8 Rf6 52. Rb8
Kd4 53. Rxb6 Kc3 54. c5 Kxb3 55. Rxd6 1/2-1/2

[Event "4NCL/Div1/RIC vs. WGR2"]
[Site "West Bromwich ENG"]
[Date "2004.05.23"]
[Round "11.1"]
[White "Quinn, Mark"]
[Black "Littlewood, Paul E"]
[Result "0-1"]
[WhiteElo "2400"]
[BlackElo "2390"]
[PlyCount "82"]
[EventDate "2004.05.23"]

1. Nf3 Nf6 2. d4 d5 3. c4 e6 4. g3 Be7 5. Bg2 O-O 6. O-O dxc4 7. Qc2 a6 8. Qxc4
b5 9. Qc2 Bb7 10. Bg5 Nbd7 11. Rd1 Rc8 12. a4 c5 13. axb5 axb5 14. Qb3 cxd4 15.
Rxd4 h6 16. Bd2 Qb6 17. e3 e5 18. Ba5 Qe6 19. Qxe6 Rc1+ 20. Ne1 fxe6 21. Bxb7
exd4 22. Bd2 Rc7 23. Bf3 Ne5 24. Be2 dxe3 25. Bxe3 Nc4 26. Bf4 e5 27. Bc1 Ne4
28. f3 Nc5 29. Nc3 Nb3 30. Nxb5 Rc5 31. Rb1 Rb8 32. Nc3 Nxc1 33. Rxc1 Nxb2 34.
Na2 Ra8 35. Nc3 Rac8 36. Rb1 Rxc3 37. Rxb2 Rc1 38. Kf1 e4 39. Ba6 Bf6 40. Rb4
Re8 41. Bb5 Bc3 0-1

[Event "4NCL/Div1/RIC vs. WGR2"]
[Site "West Bromwich ENG"]
[Date "2004.05.23"]
[Round "11.2"]
[White "Sowray, Peter J"]
[Black "Wall, Gavin"]
[Result "0-1"]
[WhiteElo "2360"]
[BlackElo "2413"]
[PlyCount "68"]
[EventDate "2004.05.23"]

1. d4 f5 2. g3 Nf6 3. Bg2 g6 4. Nf3 Bg7 5. c4 O-O 6. b4 c6 7. O-O d6 8. Bb2 a5
9. b5 cxb5 10. cxb5 a4 11. Na3 Nbd7 12. Ng5 Nb6 13. d5 h6 14. Ne6 Bxe6 15. dxe6
d5 16. Nc2 Qd6 17. Nd4 a3 18. Bc3 Na4 19. Be1 Ne4 20. e3 Rfc8 21. Qb3 Nac5 22.
Qb1 Nxe6 23. Bb4 Qd7 24. Qd3 Nxd4 25. exd4 Rc4 26. Qb3 Rxd4 27. Rad1 Qxb5 28.
Rb1 e6 29. Rfc1 Nd2 30. Bxd2 Qxb3 31. Rxb3 Rxd2 32. Rxb7 Rxa2 33. Re7 Rd2 34.
Rcc7 Be5 0-1

[Event "4NCL/Div1/RIC vs. WGR2"]
[Site "West Bromwich ENG"]
[Date "2004.05.23"]
[Round "11.3"]
[White "Van de Griendt, Jan W"]
[Black "Levitt, Jonathan P"]
[Result "0-1"]
[WhiteElo "2373"]
[BlackElo "2425"]
[PlyCount "92"]
[EventDate "2004.05.23"]

1. d4 Nf6 2. c4 e6 3. Nf3 b6 4. g3 Bb7 5. Bg2 Be7 6. Nc3 O-O 7. d5 Bb4 8. Nh4
Bxc3+ 9. bxc3 e5 10. c5 Na6 11. cxb6 axb6 12. O-O d6 13. Nf5 Nc5 14. f4 e4 15.
c4 Ra4 16. Ne3 b5 17. g4 bxc4 18. g5 Nh5 19. Bb2 f6 20. gxf6 Nxf6 21. Kh1 Qe8
22. f5 c6 23. dxc6 Qxc6 24. Qe1 d5 25. Qg3 c3 26. Bxc3 d4 27. Bxd4 Rxd4 28.
Rac1 Re8 29. Rc3 Qb6 30. Rfc1 Ncd7 31. Nc4 Qa6 32. e3 Rd3 33. R3c2 Rc8 34. Bf1
h6 35. Kg1 Re8 36. Nb2 Ne5 37. Nxd3 exd3 38. Rc7 Nf3+ 39. Kh1 Ng5+ 40. Bg2 d2
41. Rd1 Bxg2+ 42. Qxg2 Nfe4 43. Rd7 Nf2+ 44. Qxf2 Qc6+ 45. Qg2 Qxd7 46. Rxd2
Qxf5 0-1